| 000 | 01424cam a2200373 i 4500 | ||
|---|---|---|---|
| 001 | 200458966 | ||
| 003 | TR-AnTOB | ||
| 005 | 20240926135253.0 | ||
| 007 | ta | ||
| 008 | 230119t2022 tu a $ |||| $00 tturu | ||
| 020 | _a9786052205945 | ||
| 040 |
_aTR-AnTOB _beng _erda _dHKUT _cTR-AnTOB |
||
| 041 | 1 |
_atur _heng |
|
| 050 | 0 | 0 |
_aGN281 _b.H3719 2022 |
| 090 |
_aGN281 _b.H3719 2022 v.1 |
||
| 100 | 1 |
_aHarari, Yuval N. _eauthor _9116622 |
|
| 240 | 1 | 0 |
_aUnstoppable us : how we took over the World. _kTurkish. |
| 245 | 1 | 0 |
_aDurdurulamayan insanlık : _bdünyanın hakimiyetini nasıl ele geçirdik : cilt 1 / _cYuval Noah Harari ; İngilizceden çeviren Çiğdem Şentuğ ; resimleyen Ricard Zaplana Ruiz. |
| 264 | 1 |
_aİstanbul : _bKolektif Kitap, _c2022. |
|
| 300 |
_a170 pages : _billustrations ; _c23 cm |
||
| 336 |
_2rdacontent _atext _btxt |
||
| 337 |
_2rdamedia _aunmediated _bn |
||
| 338 |
_2rdacarrier _avolume _bnc |
||
| 490 | 0 |
_aKolektif Kitap ; _v197 |
|
| 505 | _avolume 1: Dünyanın hakimiyetini nasıl ele geçirdik | ||
| 650 | 7 |
_aİnsan evrimi _2etuturkob _97813 |
|
| 650 | 7 |
_aTarih öncesi insanlar _2etuturkob _938406 |
|
| 650 | 7 |
_aİnsanoğlu _xKöken _2etuturkob _936697 |
|
| 650 | 7 |
_aİnsan ekolojisi _xÇocuk edebiyatı _2etuturkob _98768 |
|
| 700 | 1 |
_aŞentuğ, Çiğdem _etranslator _9144495 |
|
| 700 | 1 |
_aZaplana, Ricard, _9144496 _d1973- _eillustrator |
|
| 942 |
_2lcc _cBK |
||
| 999 |
_c200458966 _d77178 |
||